000 00233nam a2200097Ia 4500
001 755116
005 20250826164753.0
008 250824s9999 xx 000 0 und d
245 0 _aSÜPER BEYİNLER
_cOĞUZ SAYGIN
260 _bGENÇ HAYAT
999 _c755116
_d755116